[Event "Gallega-chT playoff"]
[Site "Vilagarcia de Arousa"]
[Date "2022.04.23"]
[Round "1"]
[White "Rodriguez Ferreiros, Andres"]
[Black "Del Prado Rodriguez, Xulio"]
[Result "0-1"]
[WhiteElo "2108"]
[BlackElo "2347"]
[PlyCount "92"]
[EventDate "2022.04.23"]
[EventType "team"]
[EventRounds "1"]
[EventCountry "ESP"]
[SourceTitle "CBM 207 Extra"]
[Source "ChessBase"]
[SourceDate "2022.05.31"]
[SourceVersion "1"]
[SourceVersionDate "2022.05.31"]
[SourceQuality "1"]
[WhiteTeam "Viajes Interrias"]
[BlackTeam "Ourense"]
[WhiteTeamCountry "ESP"]
[BlackTeamCountry "ESP"]

1. e4 e5 2. Nf3 Nc6 3. Bb5 a6 4. Ba4 Nf6 5. 0-0 Be7 6. Re1 b5 7. Bb3 0-0 8. c3 d5 9. exd5 Nxd5 10. Nxe5 Nxe5 11. Rxe5 c6 12. g3 Bd6 13. Re1 Qf6 14. d3 Bf5 15. Nd2 Bxd3 16. Ne4 Bxe4 17. Rxe4 Rae8 18. Bxd5 cxd5 19. Rxe8 Rxe8 20. Be3 Rd8 21. Qg4 Qe6 22. Qf3 Qe4 23. Kg2 f6 24. Rd1 Bc7 25. h4 h5 26. Rd4 Qxf3+ 27. Kxf3 Kf7 28. a4 Be5 29. Rb4 Bd6 30. Rd4 Ke6 31. axb5 axb5 32. Bf4 Bc5 33. Rd2 b4 34. Re2+ Kf5 35. Be3 Bd6 36. Bd4 b3 37. Ke3 Re8+ 38. Kd3 Rxe2 39. Kxe2 Ke4 40. Be3 Be5 41. Bd2 d4 42. cxd4 Bxd4 43. Bc1 g6 44. f3+ Kd5 45. Kd3 Be5 46. g4 f5 0-1

[Event "Figueira da Foz op 15th"]
[Site "Figueira da Foz"]
[Date "2021.11.04"]
[Round "6"]
[White "Sousa, Joao Francisco Silv"]
[Black "Del Prado Rodriguez, Xulio"]
[Result "1/2-1/2"]
[WhiteElo "1942"]
[BlackElo "2325"]
[PlyCount "74"]
[EventDate "2021.10.31"]
[EventType "swiss"]
[EventRounds "9"]
[EventCountry "POR"]
[SourceTitle "CBM 205 Extra"]
[Source "ChessBase"]
[SourceDate "2022.01.31"]
[SourceVersion "1"]
[SourceVersionDate "2022.01.31"]
[SourceQuality "1"]

1. e4 c5 2. Nf3 d6 3. d4 cxd4 4. Nxd4 Nf6 5. Nc3 Nc6 6. Bg5 e6 7. Qd2 Be7 8. 0-0-0 Nxd4 9. Qxd4 0-0 10. f4 Qa5 11. Bc4 e5 12. Qd2 exf4 13. Bxf4 Qc5 14. Bb3 Bg4 15. Rde1 Rad8 16. h3 Be6 17. Nd5 Rfe8 18. Nxe7+ Rxe7 19. e5 Bxb3 20. exf6 Rxe1+ 21. Rxe1 Bxa2 22. Bxd6 Qf5 23. Re5 Qf1+ 24. Re1 Qb5 25. Qf4 g5 26. Qg4 Be6 27. Rxe6 fxe6 28. Qxe6+ Kh8 29. Qe7 Qf1+ 30. Kd2 Qxg2+ 31. Kc3 Rc8+ 32. Kb4 Qd2+ 33. Ka3 Qa5+ 34. Kb3 Qd5+ 35. Ka3 Qa5+ 36. Kb3 Qd5+ 37. Ka3 Qa5+ 1/2-1/2